000 00988nam a22003377a 4500
001 BR0103731
003 BR-BrBNA
005 20230928100925.0
007 ta
008 230509b bl.||||| |||| 00| 0 por d
040 _aBR-BrBNA
_bpor
_cBiblioteca Nacional de Agricultura
041 _a(Por)
072 _aQ03
_b2120
_b9205
090 _ 2120 BR0103731
100 1 _aSilva, C.F.
110 1 _aUniversidade Federal de Lavras, MG (Brasil)
_0Tese (Mestrado)
245 1 _aDiversidade microbiana em graos de cafe (Coffea arabica L.)processados por via seca nas fases pre e pos-colheita
260 3 _aLavras, MG (Brasil):
_c2000.
300 _a105 p.
500 _aSummaries (Eng, Por); Several bibliography; 20 tables
650 _aCafe
650 _aGrao
650 _aPopulacao Microbiana
650 _aFungo
650 _aBacteria
650 _aFermento
650 _aPos-Colheita
650 _aMinas Gerais
909 _a202309
_bLucia
_c55
_dLucia Elande
942 _cBK
999 _c63427
_d63427